00770cam a2200229 a 4500001000800000005001700008008004100025010001700066020003200083040001800115043001200133050002500145245007200170260009600242300004200338500002000380650003500400650002800435650004300463700002000506740001400526142679620170119100005.0840418s1984 nyua 001 0 eng  a 84080884  a0394623037 (pbk.) :c$12.95 aDLCcDLCdDLC an-us---00aNC998.5.A1bF17 198400aFame 2 /c[compiled by] Brad Benedict ; [foreword by Bette Midler]. aNew York, N.Y. :bIndigo Books :bU.S. and Canadian book distribution, Grove Press,cc1984. a109 p. :bchiefly col. ill. ;c29 cm. aIncludes index. 0aCommercial artzUnited States. 0aCelebritiesxPortraits. 0aCelebritiesxCaricatures and cartoons.1 aBenedict, Brad.0 aFame two.